Culture Générale - Série 1395 - Statistiques

Statistiques générales
  • Ce quiz a été pris 121 fois
  • Le résultat moyen est 6 sur 10
Statistiques - réponses
Question Réponse % Correct
Lorsque tout va bien on dit "R.A.S." qui signifie "Rien à... Signaler
100%
Quel animal jaune et noir à la queue interminable a été créé par André Franquin en 1952 ? Marsupilami
89%
Selon le titre d'une pièce de Molière comment sont "Les Précieuses..." ? ridicules
88%
Quel fruit doit-on faire cuire avant de le manger lorsqu'il est plantain ? banane
87%
En 1982, quel groupe de rock a chanté le héros de BD Bob Morane, dans le tube "L'Aventurier" ? Indochine
83%
Quel petit foulard carré en coton imprimé a été popularisé par Renaud ? bandana
66%
En quelle année a eu lieu le premier festival de Cannes ? 1946
44%
Comment s'appelle l'instrument d'osier, en forme de gouttière recourbée, qui sert à lancer la balle à la pelote basque ? chistera
33%
Quel comédien, prénommé François, incarne un producteur de télévision déjanté, dans le film de Guillaume Canet "Mon idole" ? François Berléand
30%
Quel est le titre français de la série télévisée “The Young and the Restless” ? Les Feux de l'amour
8%
Aucun quiz correspondant
Distribution des résultats
% des personnes avec chaque résultat
Percentile par nombre de réponses
Votre historique - résultats
Vous n’avez pas pris ce quiz